000 04170cgm a2200841 i 4500
001 on1340978122
003 OCoLC
005 20230829123547.0
007 vd csaizk
007 vd cvaizk
008 220813s2022 cau076 vaeng d
024 1 0 _a826663224436
028 4 2 _aSF 22444
_bShout! Factory
028 4 2 _aSF 22445
_bShout! Factory
035 _a(OCoLC)1340978122
040 _aOQX
_beng
_cOQX
_dJBL
_dGK8
_dWACOL
_eG
041 0 _aeng
046 _k1992
_2edtf
049 _aWACL
082 0 4 _a791.43/72
_223/eng/20220809
092 _aBLU-RAY
_bFern
130 0 _aFernGully (Motion picture)
_96171813
245 1 0 _aFern Gully :
_bthe last rainforest /
246 3 _aFern Gully, the last rain forest
250 _a30th anniversary edition.
250 _a[Blu-ray/DVD combo pack]
257 _aAustralia
264 1 _aLos Angeles, CA :
_bShout! Factory,
_c[2022]
300 _a1 Blu-ray videodisc (approximately 76 min.) :
_bsound, color ;
_c4 3/4 in. +
_e1 videodisc (approximately 76 min. : sound, color ; 4 3/4 in.)
336 _atwo-dimensional moving image
337 _avideo
338 _avideodisc
500 _aBased on the stories of "FernGully" by Diana Young.
500 _aOriginally released as a motion picture in 1992.
500 _aWide screen (1.85:1).
500 _aSpecial features on both Blu-ray and DVD discs include: New introduction with Bill Kroyer; audio commentary with Bill Kroyer, Ralph Eggleston and Susan Kroyer; "Seed of the story" - Script-to-screen comparison with optional commentary by Jim Cox; "From paper to tree" - Making-of featurette; "Behind the voice: Toxic love" - Multi-angle scene study; original featurette; "If I'm gonna eat somebody (It might as well be you)" music video; theatrical trailers and TV spots.
511 1 _aRobin Williams, Tim Curry, Cheech Marin, Tommy Chong, Christian Slater, Samantha Mathis, Tone Loc.
520 _aThere's magic in the rainforest and it's called FernGully! Deep in the heart of the forest awaits a paradise filled with tiny sprites, winged fairies, and tree spirits who all live in joyful harmony. But when their home is threatened by humans, one courageous sprite gives her all to save it!
521 8 _aMPAA rating: G
_aCHV rating: G.
521 _aBlu-Ray
_bmicromarketing
538 _aBlu-ray, region A; wide screen (1.85:1); DTS-HD MA 5.1 & stereo; 1080p high definition; requires Blu-ray player.
538 _aDVD, region 1; anamorphic wide screen 2.39:1, Dolby digital 5.1 surround, 2.0 stereo.
546 _aSubtitled for the deaf and hard of hearing (SDH).
650 0 _aRain forests
_vJuvenile films.
_96454427
650 0 _aRain forest conservation
_vJuvenile films.
_96454428
650 0 _aDeforestation
_vJuvenile films.
_96454429
650 1 _aRain forests
_vFiction.
_95703802
650 1 _aRain forest conservation
_vFiction.
_96430945
650 1 _aFairies
_vFiction.
_95673692
650 1 _aDeforestation
_vFiction.
_96418544
655 7 _aFeature films.
_2lcgft
655 7 _aChildren's films.
_2lcgft
655 7 _aVideo recordings for the hearing impaired.
_2lcgft
655 7 _aAnimated films.
_2lcgft
655 7 _aFiction films.
_2lcgft
655 7 _aFilm adaptations.
_2lcgft
700 1 _aKroyer, Bill,
_efilm director.
_963794
700 1 _aCox, James,
_d1975-
_escreenwriter.
_96454430
700 1 _aYoung, Wayne,
_efilm producer.
_948549
700 1 _aFaiman, Peter,
_efilm producer.
_963461
700 1 _aWilliams, Robin,
_d1951-2014,
_evoice actor.
_95732437
700 1 _aCurry, Tim,
_evoice actor.
_930501
700 1 _aMarin, Cheech,
_evoice actor.
_933283
700 1 _aChong, Thomas,
_d1938-
_evoice actor.
_938391
700 1 _aMathis, Samantha,
_evoice actor.
_962146
700 1 _aSlater, Christian,
_evoice actor.
_917964
700 0 _aTone-L�oc,
_evoice actor.
_96454431
700 1 _aYoung, Diana.
_tWorks.
_kSelections.
_96454432
710 2 _aFAI Films,
_eproduction company.
_96171824
710 2 _aYoungheart Productions,
_eproduction company.
_96171825
710 2 _aShout! Factory (Firm),
_epublisher.
_970304
942 _2ddc
_cBLUE-RAY
999 _c376935
_d376935